000 00580nam a2200193 i 4500
001 bg
100 1 _aMOJSKI, Edward Józef
245 0 _aEuropa w pleistocenie :
_bewolucja środowiska przyrodniczego /
_cEdward Józef Mojski.
260 _aWarszawa :
_bWydaw. PAE [Polskiej Agenci Ekologicznej],
_c1993.
300 _a332, [1] s. :
_bmapy, rys. ;
_c24 cm.
504 _aBibliogr. s. 287-311.
020 _a8385636005
040 _cBPK
041 _apol
080 _a551.79:502](4)(07)
920 _a83-85636-00-5
942 _cKS
008 s pl f |000 0 pol
999 _c5958
_d5958
856 _uhttp://koha.tu.koszalin.pl/cgi-bin/koha/opac-detail.pl?biblionumber=5958
_yKatalog online BPK